00302pab a2200121 454500008004000000100001800040245004300058260000900101300001900110362001100129650002000140773002000160180718b2013 xxu||||| |||| 00| 0 eng d aHanumaiah, B. aRural education: Problems and remedies c2013 ap.211-220,228. a29 Apr aRural education aUniversity News